000 00912nam a22002297a 4500
999 _c3196
_d3196
003 AR-CdUCM
008 190306b ||||| |||| 00| 0 spa d
040 _aMUNICIPALIDAD PROVINCIAL DEL CUSCO
_cBIBLIOTECA MUNICIPAL DEL CUSCO
082 _a498.51 /
_bD35
100 _aRocha Vedia, Sandra Catherine de la
_910733
245 _aIntroducción a la dialectologia y fenologia quechua /
260 _aLa Paz :
_bCentro sociocultural "hogar tiwanaku",
_c2011.
300 _a109 paginas ;
_c21 cm.
505 _a La dialectologia -- La dialectologia y la sociolinguistica -- Dialectologia estructural -- Fonología quechua -- lengua quechua -- Símbolos lingüísticos y abreviaturas ...
650 _aDialectologia
_910734
650 _aLingüística
_91640
650 _aFonología
_910735
650 _aLengua quechua
_97426
650 _aSímbolos lingüísticos
_910736
942 _2ddc
_cLIBROS
945 _aacv